Faculty of Law Library — Cairo University

Official Online Catalog

Le Rôle De La Règle De Conflit Dans Le Règlement Des Rapports Internationaux . (Record no. 60849)

MARC details
000 -LEADER
fixed length control field 00960nam a2200301 i 4500
003 - CONTROL NUMBER IDENTIFIER
control field EG-GICUC
005 - DATE AND TIME OF LATEST TRANSACTION
control field 20260204115130.0
008 - FIXED-LENGTH DATA ELEMENTS--GENERAL INFORMATION
fixed length control field 260204s1973 fr ||||fr ||| 00| 0 fre d
020 ## - INTERNATIONAL STANDARD BOOK NUMBER
International Standard Book Number 2247004601
040 ## - CATALOGING SOURCE
Original cataloging agency EG-GICUC
Transcribing agency EG-GICUC
Modifying agency EG-GICUC
Description conventions rda
Language of cataloging fre
041 0# - LANGUAGE CODE
Language code of text/sound track or separate title fre
082 04 - DEWEY DECIMAL CLASSIFICATION NUMBER
Edition number 21
Classification number 341.84
Item number DE . R
092 04 - LOCALLY ASSIGNED DEWEY CALL NUMBER (OCLC)
Edition number 21
099 ## - LOCAL FREE-TEXT CALL NUMBER (OCLC)
Classification number Law1 12 341.84 DE . R 1973
100 1# - MAIN ENTRY--PERSONAL NAME
Personal name Deby-Gérard,France
Relator term Auteur
245 ## - TITLE STATEMENT
Title Le Rôle De La Règle De Conflit Dans Le Règlement Des Rapports Internationaux .
Medium V16 /
Statement of responsibility, etc. France Deby-Gérard .
264 #0 - PRODUCTION, PUBLICATION, DISTRIBUTION, MANUFACTURE, AND COPYRIGHT NOTICE
Place of production, publication, distribution, manufacture France :
Name of producer, publisher, distributor, manufacturer Librairie Dalloz ,
Date of production, publication, distribution, manufacture, or copyright notice 1973 .
300 ## - PHYSICAL DESCRIPTION
Extent 457 Pages;
Dimensions 30 cm.
336 ## - CONTENT TYPE
Content type term text
Source rda content
337 ## - MEDIA TYPE
Media type term Computer
Source rda media
338 ## - CARRIER TYPE
Carrier type term Online Resource
Source rda carrier
546 ## - LANGUAGE NOTE
Language note Texte en français
650 04 - SUBJECT ADDED ENTRY--TOPICAL TERM
Topical term or geographic name entry element Droit international privé
650 04 - SUBJECT ADDED ENTRY--TOPICAL TERM
Topical term or geographic name entry element Conflit de lois
856 ## - ELECTRONIC LOCATION AND ACCESS
Uniform Resource Identifier <a href="https://fll.law.cu.edu.eg/fulltext/th/B12-02499.pdf">https://fll.law.cu.edu.eg/fulltext/th/B12-02499.pdf</a>
905 ## - Cataloger and Reviser Names
Cataloger Name: Logain Ashraf
942 ## - ADDED ENTRY ELEMENTS (KOHA)
Source of classification or shelving scheme Dewey Decimal Classification
Koha item type Books
Edition 21
Suppress in OPAC No
Holdings
Withdrawn status Lost status Source of classification or shelving scheme Materials specified (bound volume or other part) Damaged status Not for loan Collection Home library Current library Date acquired Total checkouts Full call number Barcode Date last seen Copy number Price effective from Koha item type
    Dewey Decimal Classification V16   Not for loan القانون الدولي الخاص جــــامعة القــاهرة مكتبة كلية الحقوق - المبنى الرئيسي 04.02.2026   Law1 12 341.84 DE . R 1973 1202499 C1 B12-02499 04.02.2026 1 04.02.2026 Books
    Dewey Decimal Classification V16     القانون الدولي الخاص جــــامعة القــاهرة مكتبة كلية الحقوق - المبنى الرئيسي 04.02.2026   Law1 12 341.84 DE . R 1973 1202500 C2 B12-02500 04.02.2026 2 04.02.2026 Books

© All rights reserved — Faculty of Law, Cairo University